The law relating to sugar factories in Uttar Pradesh / (Record no. 67864)

MARC details
000 -LEADER
fixed length control field 00694cam a22002411a 4500
001 - CONTROL NUMBER
control field sa 66001547
003 - CONTROL NUMBER IDENTIFIER
control field DLC
005 - DATE AND TIME OF LATEST TRANSACTION
control field 20260227112223.0
008 - FIXED-LENGTH DATA ELEMENTS--GENERAL INFORMATION
fixed length control field 940824s1963 ii k 000 0 eng
010 ## - LIBRARY OF CONGRESS CONTROL NUMBER
LC control number sa 66001547
035 ## - SYSTEM CONTROL NUMBER
System control number (OCoLC)30999390
040 ## - CATALOGING SOURCE
Original cataloging agency DLC
Transcribing agency NcD-L
Modifying agency DLC
042 ## - AUTHENTICATION CODE
Authentication code premarc
043 ## - GEOGRAPHIC AREA CODE
Geographic area code a-ii---
050 00 - LIBRARY OF CONGRESS CALL NUMBER
Classification number KNU8103.8
Item number .A28 1963
110 1# - MAIN ENTRY--CORPORATE NAME
Corporate name or jurisdiction name as entry element Uttar Pradesh (India)
245 14 - TITLE STATEMENT
Title The law relating to sugar factories in Uttar Pradesh /
Statement of responsibility, etc. by P.L. Malik.
250 ## - EDITION STATEMENT
Edition statement 2nd ed.
260 ## - PUBLICATION, DISTRIBUTION, ETC.
Place of publication, distribution, etc. Lucknow :
Name of publisher, distributor, etc. Eastern Book Co.,
Date of publication, distribution, etc. 1963.
300 ## - PHYSICAL DESCRIPTION
Extent 115 p. :
Other physical details forms ;
Dimensions 25 cm.
650 #0 - SUBJECT ADDED ENTRY--TOPICAL TERM
Topical term or geographic name entry element Sugar laws and legislation
Geographic subdivision India
-- Uttar Pradesh.
700 1# - ADDED ENTRY--PERSONAL NAME
Personal name Malik, P. L.

No items available.

Powered by Koha